| 000 | 01673cam a22001934a 4500 | ||
|---|---|---|---|
| 005 | 20250605164140.0 | ||
| 008 | 250528s ||||||||||||||||||||||||d | ||
| 035 | _a18944 | ||
| 040 |
_aGR-AtMCL _bgre _dGR-AtMCL _eAACR2 |
||
| 245 | 1 | _aΧρωματική Θεωρία και Πρακτική Ι / Συσχετισμός Συνεπιπέδων Χρωμάτων | |
| 260 |
_bΑφών Κυριακίδη, _c1985 |
||
| 300 | _a136 | ||
| 505 | 0 | _aΕισαγωγή, Πρώτες Έννοιες - Ορισμοί - Ορολογία, Η Συστηματική Θεώρηση του Συνόλου των Χρωμάτων ή η ''συστηματική'' του Χρώματος, Σύστημα Πομπού (φωτός) - Δέκτου (Οφθαλμού), Τρόπος Λειτουργίας του Συστήματος Πομπού - Δέκτου, Τα Σχετικά με το Πρόβλημα, Η Πρόταση για την Επίλυση του Προβλήματος, Βιβλιογραφία. | |
| 520 | _aΕισαγωγή, Πρώτες Έννοιες - Ορισμοί - Ορολογία, Η Συστηματική Θεώρηση του Συνόλου των Χρωμάτων ή η ''συστηματική'' του Χρώματος, Σύστημα Πομπού (φωτός) - Δέκτου (Οφθαλμού), Τρόπος Λειτουργίας του Συστήματος Πομπού - Δέκτου, Τα Σχετικά με το Πρόβλημα, Η Πρόταση για την Επίλυση του Προβλήματος, Βιβλιογραφία. | ||
| 700 | 1 |
_aΚονταξάκης Γιώργος _95228 |
|
| 942 | _cBK | ||
| 999 |
_c4241 _d4241 |
||